书目信息 |
| 题名: |
免疫学基础
|
|
| 作者: | 安云庆 主编 | |
| 分册: | ||
| 出版信息: | 北京 中国和平出版社 1997.04 |
|
| 页数: | 232页 | |
| 开本: | 26cm | |
| 丛书名: | ||
| 单 册: | ||
| 中图分类: | R392-43 | |
| 科图分类: | ||
| 主题词: | 医药学:免疫学 | |
| 电子资源: | ||
| ISBN: | 7-80101-714-5 | |
| 000 | 00611nam0 2200205 45 | |
| 001 | 9911301546 | |
| 005 | 20010216090056.7 | |
| 010 | @a7-80101-714-5@d15.50元 | |
| 100 | @a19991130d1997 km y0chiy0120 ea | |
| 101 | @achi | |
| 105 | @a z 000yy | |
| 200 | 1 | @a免疫学基础@AMian Yi Xue Ji Chu@f安云庆 主编@FAn Yun Qing Zhu Bian |
| 210 | @a北京@c中国和平出版社@d1997.04 | |
| 215 | @a232页@d26cm | |
| 300 | @a全国高等教育自学考试教材(护理专业) | |
| 303 | @a附录:免疫学基础自学考试大纲 | |
| 606 | 0 | @a医药学:免疫学 |
| 690 | @aR392-43@v3 | |
| 801 | @aCN@b8012@c19991130 | |
| 905 | @dR392-43@e1@aBZT@f20@b73854-873 | |
| 免疫学基础/安云庆 主编.-北京:中国和平出版社,1997.04 |
| 232页;26cm |
| 全国高等教育自学考试教材(护理专业) |
| ISBN 7-80101-714-5:15.50元 |
| ● |
| 相关链接 |
|
|
|
正题名:免疫学基础
索取号:R392-43/1
 
预约/预借
| 序号 | 登录号 | 条形码 | 馆藏地/架位号 | 状态 | 备注 |
| 1 | 67238 | 200181784 | 中心书库中库/ 中库006架B面4列5层3/ [索取号:R392-43/1] | 在馆 | |
| 2 | 67239 | 200185138 | 中心书库中库/ 中库006架B面4列5层9/ [索取号:R392-43/1] | 在馆 | |
| 3 | 67240 | 200185156 | 中心书库中库/ 中库006架B面4列5层2/ [索取号:R392-43/1] | 在馆 | |
| 4 | 67241 | 200181775 | 中心书库中库/ 中库006架B面4列5层15/ [索取号:R392-43/1] | 在馆 | |
| 5 | 67242 | 200181837 | 中心书库中库/ 中库006架B面4列5层5/ [索取号:R392-43/1] | 在馆 | |
| 6 | 73854 | 200694944 | 中心书库中库/ 中库006架B面4列5层19/ [索取号:R392-43/1] | 在馆 | |
| 7 | 73855 | 200694953 | 中心书库中库/ 中库006架B面4列5层6/ [索取号:R392-43/1] | 在馆 | |
| 8 | 73856 | 200694962 | 中心书库中库/ 中库006架B面4列5层17/ [索取号:R392-43/1] | 在馆 | |
| 9 | 73857 | 200694971 | 中心书库中库/ 中库006架B面4列5层37/ [索取号:R392-43/1] | 在馆 | |
| 10 | 73858 | 200694980 | 中心书库中库/ 中库006架B面4列5层20/ [索取号:R392-43/1] | 在馆 | |
| 11 | 73859 | 200694999 | 中心书库中库/ 中库006架B面4列5层13/ [索取号:R392-43/1] | 在馆 | |
| 12 | 73860 | 200695006 | 中心书库中库/ 中库006架B面4列5层21/ [索取号:R392-43/1] | 在馆 | |
| 13 | 73861 | 200695015 | 中心书库中库/ 中库006架B面4列5层14/ [索取号:R392-43/1] | 在馆 | |
| 14 | 73862 | 200695024 | 中心书库中库/ 中库006架B面4列5层8/ [索取号:R392-43/1] | 在馆 | |
| 15 | 73863 | 200695033 | 中心书库中库/ 中库006架B面5列3层11/ [索取号:R392-43/1] | 在馆 | |
| 16 | 73864 | 200695042 | 中心书库中库/ 中库006架B面4列5层10/ [索取号:R392-43/1] | 在馆 | |
| 17 | 73865 | 200695051 | 中心书库中库/ 中库006架B面4列5层22/ [索取号:R392-43/1] | 在馆 | |
| 18 | 73866 | 200695060 | 中心书库中库/ 中库006架B面4列5层16/ [索取号:R392-43/1] | 在馆 | |
| 19 | 73867 | 200695079 | 中心书库中库/ 中库006架B面4列5层1/ [索取号:R392-43/1] | 在馆 | |
| 20 | 73868 | 200695088 | 中心书库中库/ 中库006架B面4列5层7/ [索取号:R392-43/1] | 在馆 | |
| 21 | 73869 | 200695097 | 中心书库中库/ 中库006架B面4列5层4/ [索取号:R392-43/1] | 在馆 | |
| 22 | 73870 | 200695104 | 中心书库中库/ 中库006架B面4列5层12/ [索取号:R392-43/1] | 在馆 | |
| 23 | 73871 | 200695550 | 中心书库中库/ 中库006架B面4列5层38/ [索取号:R392-43/1] | 在馆 | |
| 24 | 73872 | 200695569 | 中心书库中库/ 中库006架B面4列5层18/ [索取号:R392-43/1] | 在馆 | |
| 25 | 73873 | 200695275 | 中心书库中库/ 中库006架B面4列5层11/ [索取号:R392-43/1] | 在馆 |